000 00475nam a2200181Ia 4500
005 20250423101429.0
008 250422s9999 xx 000 0 und d
020 _a0-932935-33-8
050 _aLB1590.3.C68
100 _aArthur L. Costa
245 4 _aThe school as a home for the mind
260 _aIllinois
260 _bIRI SkyLight Training and publishing, inc
260 _c1991
300 _a176 p
650 _aThe school as the home for the mind
942 _cBK
999 _c36284
_d36284